000
00342nam a2200133Ia 4500
008
170224s9999 xx 000 0 und d
245
_a
Organizing and reframing technological determinism
260
_b
New Media & Society
260
_c
2016
300
_a
18:
500
_a
2016
650
_x
Communication Arts
650
_x
Multimedia Arts
999
_c
316251
_d
316251